[Event "40th Olympiad Open"]
[Site "Istanbul TUR"]
[Date "2012.09.04"]
[Round "7.43"]
[White "Khader,Sam"]
[Black "Dive,RJ"]
[Result "1/2-1/2"]
[WhiteElo "2392"]
[BlackElo "2334"]

1.d4 Nf6 2.Nf3 b6 3.c4 e6 4.a3 Bb7 5.Nc3 d5 6.cxd5 exd5 7.Bf4 Bd6 8.Bxd6 Qxd6
9.Nb5 Qe7 10.Qc2 c6 11.Nc3 Nbd7 12.e3 O-O 13.Bd3 Rfe8 14.O-O Ne4 15.Nd2 f5
16.Rae1 Qf6 17.Ndb1 Nf8 18.Ne2 Ne6 19.f3 Nd6 20.Kh1 Kh8 21.e4 Nxd4 22.Nxd4 Qxd4
23.exf5 c5 24.f6 Qxf6 25.Rxe8+ Rxe8 26.Bxh7 Ba6 27.Bd3 c4 28.Bg6 Re6 29.Bh5 Qh4
30.Bg6 Re1 31.g3 Rxf1+ 32.Kg2 Qf6 33.Kxf1 Qxf3+ 34.Kg1 d4 35.Qf2 Qf6 36.Qxf6 gxf6
37.Kf2 f5 38.a4 Kg7 39.Bh5 Ne4+ 40.Ke1 Nc5 41.Be2 Nxa4 42.b3 Nb2 43.bxc4 Bxc4
44.Bf3 Nd3+ 45.Kd2 Ne5 46.Bd1 Ba6 47.Kc1 Ng4 48.h4 Ne3 49.Nd2 Nf1 50.Nb3 d3
51.g4 fxg4 52.Bxg4 Ne3 53.Bh3 Kh6 54.Kd2 Nd5 55.Nd4 Kh5 56.Nc6 Kxh4 57.Bf5 Nf4
58.Nxa7 Kg5 59.Bh7 Kf6 60.Ke3 Nd5+ 61.Kd2 Nb4 62.Kc3 Nd5+ 63.Kd2 Nf4 64.Ke3 Ng6
65.Bxg6 Kxg6 66.Nc6 Kf5 67.Nb4 Bc4 68.Nxd3 Bxd3  1/2-1/2

[Event "14th Trieste Open A"]
[Site "Trieste ITA"]
[Date "2012.09.05"]
[Round "6"]
[White "Bisi,S"]
[Black "Kragelj,I"]
[Result "0-1"]
[WhiteElo "2050"]
[BlackElo "2192"]

1.d4 Nf6 2.c4 e6 3.Nf3 b6 4.a3 Ba6 5.Qc2 Bb7 6.Nc3 c5 7.e4 cxd4 8.Nxd4 Bc5
9.Nb3 Nc6 10.Nxc5 bxc5 11.Be3 d6 12.Rd1 Qe7 13.Be2 O-O 14.O-O h6 15.f4 e5
16.Qd2 Nd4 17.Bf3 a5 18.b4 axb4 19.axb4 cxb4 20.Bxd4 bxc3 21.Bxc3 Nxe4 22.Bxe4 Bxe4
23.Rde1 f5 24.fxe5 dxe5 25.Bb4 Qa7+ 26.Kh1 Rfd8 27.Qc3 Qa2 28.Rg1 Rab8 29.Ba5 Re8
30.Ra1 Qf2 31.Rad1 Rb2 32.Rd2 Bxg2+ 33.Rxg2 Rb1+  0-1

[Event "40th Olympiad Open"]
[Site "Istanbul TUR"]
[Date "2012.09.06"]
[Round "9.68"]
[White "Bae,Junggi"]
[Black "De Mey,Juan Pablo"]
[Result "0-1"]
[WhiteElo "1730"]
[BlackElo "1882"]

1.d4 Nf6 2.c4 e6 3.Nf3 b6 4.a3 Bb7 5.Nc3 Be7 6.d5 exd5 7.cxd5 d6 8.e4 c5
9.dxc6 Bxc6 10.Bd3 Nbd7 11.O-O O-O 12.Re1 Ne5 13.Bc2 Qc7 14.Bg5 Rac8 15.Qe2 h6
16.Bxf6 Nxf3+ 17.Qxf3 Bxf6 18.Qd3 g6 19.Bb3 Kg7 20.Rad1 Rfd8 21.Bd5 Bd7 22.Qf3 a6
23.e5 dxe5 24.Ne4 Bf5 25.Nxf6 Kxf6 26.g4 Qc5 27.gxf5 gxf5 28.Be4 f4 29.Qh3 Rg8+
30.Kf1 Qc4+ 31.Bd3 Qe6 32.Qxh6+ Ke7 33.Qxe6+ Kxe6 34.Bxa6 Rc7 35.b3 Rh8 36.Bc4+ Kf5
37.Kg1 f6 38.f3 Rg7+ 39.Kh1 Rg3 40.Bd5 Rgh3 41.Re2 Re8 42.Bc6 Re7 43.Bd7+ Rxd7
44.Rxd7 Rxf3 45.Rb2 Rc3 46.Rd6 f3 47.Kg1 b5 48.h4 e4 49.Kf2 Kg4 50.Re6 f5
51.h5 Kxh5 52.Kg3 Kg5 53.Re5 Rc1 54.Rxb5 Rg1+ 55.Kh2 Rg4 56.Rc5 Kf4 57.b4 Rh4+
58.Kg1 Rg4+ 59.Kf1 Rh4 60.Kg1 Rg4+ 61.Kf1 Rg8 62.Rbc2 Rh8 63.Kg1 e3 64.R2c4+ Kg5
65.Re5 f2+ 66.Kg2 Rh1 67.Rxf5+ Kxf5 68.Rc5+ Ke6 69.Rc6+ Kd7 70.Rf6 e2 71.Rf7+ Ke6
72.Rxf2 Ke5  0-1

[Event "40th Olympiad Open"]
[Site "Istanbul TUR"]
[Date "2012.09.06"]
[Round "9.43"]
[White "Perera,WC"]
[Black "Chumfwa,S"]
[Result "1-0"]
[WhiteElo "2110"]
[BlackElo "2347"]

1.d4 Nf6 2.c4 e6 3.Nf3 b6 4.a3 Bb7 5.Nc3 d5 6.cxd5 Nxd5 7.Qc2 Be7 8.e4 Nxc3
9.bxc3 O-O 10.Bd3 c5 11.O-O Qc7 12.Qe2 Nd7 13.e5 Rfd8 14.Bb2 Rac8 15.Rad1 c4
16.Bb1 Bd5 17.Nd2 f5 18.f4 Rf8 19.g4 g6 20.Bc1 b5 21.gxf5 gxf5 22.Qh5 Qa5
23.Kf2 Qxc3 24.Rg1+ Kh8 25.Ne4 fxe4 26.Rg3 Rf5 27.Qh6 Bf8 28.Qh4 Qa1 29.Rdg1 Qxd4+
30.Ke1 Bxa3  1-0

[Event "14th Trieste Open A"]
[Site "Trieste ITA"]
[Date "2012.09.06"]
[Round "7"]
[White "Vesce,Emanuele"]
[Black "Santeramo,Alessia"]
[Result "1/2-1/2"]
[WhiteElo "1903"]
[BlackElo "1866"]

1.d4 Nf6 2.Nf3 e6 3.c4 b6 4.a3 Ba6 5.Qc2 Bb7 6.Nc3 c5 7.e4 cxd4 8.Nxd4 d6
9.Be2 Nbd7 10.Be3 a6 11.g4 h6 12.O-O-O Rc8 13.f4 g6 14.e5 Bxh1 15.exf6 Bb7
16.Nxe6 Qxf6 17.Bd4 Ne5 18.fxe5 Qxe6 19.exd6 Rg8 20.d7+ Qxd7 21.Bxb6 Qe6
22.Qa4+ Bc6 23.Qxa6 Be7 24.Qa7 Bd6 25.Be3 Be5 26.Rd3 Bc7 27.Rd1 Be5 28.Rd3 Rc7
29.Qc5 Be4 30.Qb5+ Bc6 31.Qa5 f6 32.b4 Bb7 33.c5 Bxh2 34.Bd4 Rd7 35.Qb6 Qxb6
36.cxb6 Be5 37.Bxe5 Rxd3 38.Bxd3 fxe5 39.a4 h5 40.a5 h4 41.a6 Bxa6 42.Bxa6 h3
43.Bb7 Rf8 44.Kd2 Kd8 45.Be4 h2 46.Nd5 Kc8 47.b5 Rf2+ 48.Ke3 Rf1 49.Ke2 h1=Q
50.Ne7+ Kb8 51.Bxh1 Rxh1 52.Nxg6 e4 53.Ne5 Rh3 54.g5 Rg3 55.Nd7+ Kb7 56.Nc5+ Kxb6
57.Nxe4 Rxg5 58.Nxg5 Kxb5  1/2-1/2

[Event "FSIM Sept 2012"]
[Site "Budapest HUN"]
[Date "2012.09.11"]
[Round "11.1"]
[White "Szeberenyi,A"]
[Black "Lengyel,B"]
[Result "1-0"]
[WhiteElo "2354"]
[BlackElo "2250"]

1.d4 Nf6 2.c4 e6 3.Nf3 b6 4.a3 Bb7 5.Nc3 d5 6.Bg5 Be7 7.Bxf6 Bxf6 8.cxd5 exd5
9.Qb3 O-O 10.Rd1 Re8 11.g3 c5 12.Bg2 c4 13.Qc2 Nc6 14.O-O Rc8 15.Rfe1 Na5
16.e3 g6 17.h4 Bg7 18.h5 a6 19.hxg6 hxg6 20.Ne5 Qd6 21.f4 b5 22.Bf3 Rc7 23.Qg2 Rd8
24.g4 g5 25.fxg5 Bxe5 26.dxe5 Qxe5 27.Bxd5 Qxg5 28.Ne4 Rxd5 29.Nxg5 Rxd1
30.Qh2 Rxe1+ 31.Kf2 Rd7 32.Kxe1 Nb3 33.Qb8+ Kg7 34.Qe5+ Kf8  1-0

[Event "6th Hum na Sutli Open"]
[Site "Hum na Sutli CRO"]
[Date "2012.09.11"]
[Round "5.9"]
[White "Cvitkovic,Filip"]
[Black "Jezidzic,G"]
[Result "1-0"]
[WhiteElo "1894"]
[BlackElo "2197"]

1.d4 Nf6 2.c4 e6 3.Nf3 b6 4.a3 Bb7 5.Nc3 Ne4 6.Qc2 f5 7.g3 Be7 8.Bg2 Nxc3
9.Qxc3 O-O 10.O-O d6 11.Rd1 Nd7 12.d5 e5 13.Qc2 a5 14.b3 Nc5 15.Nd2 e4 16.Bb2 Bf6
17.b4 axb4 18.axb4 Na6 19.Ra4 Bxb2 20.Qxb2 Qe8 21.Qa3 b5 22.Ra5 c6 23.dxc6 Qxc6
24.cxb5 Qc2 25.Rc1 Qxd2 26.bxa6 Rxa6 27.e3 Rxa5 28.bxa5 Ra8 29.Ra1 Ba6 30.Bf1 Kf7
31.Qb3+ Kf6 32.Rd1 Qxa5 33.Rxd6+ Kg5 34.h4+  1-0

[Event "3rd Livigno Open A"]
[Site "Livigno ITA"]
[Date "2012.09.12"]
[Round "4.23"]
[White "Franciosi,F"]
[Black "Mertens,K"]
[Result "1/2-1/2"]
[WhiteElo "2074"]
[BlackElo "2079"]

1.d4 Nf6 2.c4 e6 3.Nf3 b6 4.a3 Bb7 5.Nc3 Be7 6.d5 d6 7.e4 e5 8.Be2 O-O 9.O-O Ne8
10.Be3 g6 11.b4 a6 12.Qb3 Nd7 13.Rac1 Ng7 14.Na4 Rb8 15.Qa2 c5 16.dxc6 Bxc6
17.Nc3 Ne6 18.Rfd1 Qc8 19.Nd5 Bd8 20.Ne1 Qb7 21.Bf1 Ng7 22.Nd3 f5 23.f3 Kh8
24.c5 bxc5 25.bxc5 Ba4 26.c6 Bxc6 27.N3b4 Bxd5 28.Qxd5 Bb6 29.Bxb6 Qxb6+
30.Kh1 fxe4 31.Qxd6 Qxd6 32.Rxd6 Nf6 33.Bxa6 Nf5 34.Rdd1 exf3 35.gxf3 Nd4
36.Rf1 Nh5 37.Rc3 Rf6 38.Bd3 Nf4 39.Be4 Nb5 40.Nc6 Nxc3 41.Nxb8 Rd6  1/2-1/2

[Event "US Chess League 2012"]
[Site "ICC INT"]
[Date "2012.09.17"]
[Round "3"]
[White "Alvarez,Er USA"]
[Black "Xiong,Jeffrey"]
[Result "0-1"]
[WhiteElo "2233"]
[BlackElo "2220"]

1.d4 Nf6 2.c4 e6 3.Nf3 b6 4.a3 Bb7 5.Nc3 d5 6.cxd5 Nxd5 7.Qc2 Nxc3 8.bxc3 Be7
9.e4 O-O 10.Be2 c5 11.O-O cxd4 12.cxd4 Nc6 13.Be3 Rc8 14.Qd3 Na5 15.Nd2 Qd7
16.f4 Qa4 17.Bd1 Qc6 18.Bf3 Qc3 19.Qe2 Ba6 20.Qxa6 Qxe3+ 21.Rf2 Qxd4 22.Rf1 Rc2  0-1

[Event "Dnepropetrovsk Autumn A"]
[Site "Dnepropetrovsk UKR"]
[Date "2012.09.21"]
[Round "6"]
[White "Tsiganova,M"]
[Black "Tsirulnik,Mari"]
[Result "0-1"]
[WhiteElo "2179"]
[BlackElo "2184"]

1.d4 Nf6 2.c4 e6 3.a3 b6 4.Nf3 Bb7 5.Nc3 Be7 6.d5 exd5 7.cxd5 O-O 8.e4 d6
9.Be2 c6 10.O-O Nbd7 11.Re1 Nc5 12.Bc4 a5 13.Nd4 b5 14.dxc6 bxc4 15.cxb7 Nxb7
16.Nf5 Nc5 17.Bg5 Nd3 18.Re3 Nd5 19.Nxe7+ Nxe7 20.Rh3 f6 21.Be3 g6 22.b3 d5
23.Nb5 dxe4 24.bxc4 Nf5 25.Qg4 Re8 26.Rd1 Rc8 27.Qe2 Nxe3 28.Rxe3 f5 29.Qa2 Rf8
30.c5+ Kg7 31.Qa1+ Qf6 32.Nd4 Kg8 33.c6 Rfd8 34.Qa2+ Qf7 35.Ne6 Rxc6  0-1

[Event "21st TCh-CRO 1a 2012"]
[Site "Sibenik CRO"]
[Date "2012.09.23"]
[Round "1.1"]
[White "Saric,A"]
[Black "Vargic,D"]
[Result "1-0"]
[WhiteElo "2516"]
[BlackElo "2342"]

1.d4 e6 2.c4 Nf6 3.Nf3 b6 4.a3 Bb7 5.Nc3 d5 6.cxd5 exd5 7.Bf4 Bd6 8.Bxd6 Qxd6
9.Rc1 a6 10.e3 O-O 11.b4 Nbd7 12.Be2 Ne4 13.Nxe4 dxe4 14.Nd2 a5 15.bxa5 c5
16.Nc4 Qg6 17.O-O bxa5 18.dxc5 Nxc5 19.Ne5 Qb6 20.Qd4 Rac8 21.Bc4 Qc7 22.Rfd1 Qe7
23.h3 Ne6 24.Qb6 Nc5 25.Nxf7 Rxf7 26.Rd6 Nd3 27.Bxf7+ Kxf7 28.Qb3+ Kf8 29.Rxc8+ Bxc8
30.Qd5 g6 31.Rd8+ Kg7 32.Rxc8 Qxa3 33.Rc7+ Kh6 34.Qf7 Qa1+ 35.Kh2 Qe5+ 36.g3 Nxf2
37.Qxh7+ Kg5 38.Qh4+ Kf5 39.Rf7+ Ke6 40.Re7+  1-0

[Event "21st TCh-CRO 1b 2012"]
[Site "Sibenik CRO"]
[Date "2012.09.23"]
[Round "1.2"]
[White "Drazic,S"]
[Black "Dizdarevic,E"]
[Result "0-1"]
[WhiteElo "2511"]
[BlackElo "2490"]

1.d4 Nf6 2.c4 e6 3.Nf3 b6 4.a3 Bb7 5.Nc3 Ne4 6.Nxe4 Bxe4 7.Nd2 Bb7 8.e4 d6
9.Bd3 e5 10.d5 Be7 11.Nf1 g6 12.Ne3 h5 13.Bd2 Nd7 14.Bc2 Kf8 15.O-O Kg7 16.Bc3 Bg5
17.f4 Bf6 18.Qf3 exf4 19.Qxf4 Bxc3 20.Qxf7+ Kh6 21.Nf5+ gxf5 22.Rxf5 Bd4+
23.Kh1 Qh4 24.e5 Rae8 25.Qxd7 Bxe5 26.g3 Qd8 27.Qxd8 Rxd8 28.Raf1 Bc8 29.Rf7 Bh3
30.R1f3 Rd7 31.Rxd7 Bxd7 32.Kg2 Kg7 33.b3 Bg4 34.Rf1 h4 35.Bd1 h3+ 36.Kh1 Bxd1
37.Rxd1 Rf8 38.Kg1 Rf3 39.Rb1 Kg6 40.a4 a5  0-1

[Event "TCh-SRB Prem w 2012"]
[Site "Valjevo SRB"]
[Date "2012.09.26"]
[Round "10.2"]
[White "Vuckovic,L"]
[Black "Milosevic,Jo"]
[Result "1/2-1/2"]
[WhiteElo "1768"]
[BlackElo "1787"]

1.d4 Nf6 2.Nf3 e6 3.a3 b6 4.c4 Bb7 5.e3 c5 6.Nc3 Be7 7.d5 exd5 8.cxd5 d6
9.Bb5+ Nbd7 10.O-O O-O  1/2-1/2

[Event "30th Balaton Open"]
[Site "Heviz HUN"]
[Date "2012.09.30"]
[Round "8.8"]
[White "Kincs,I"]
[Black "Marjanovics,G"]
[Result "1-0"]
[WhiteElo "2167"]
[BlackElo "2125"]

1.d4 Nf6 2.c4 e6 3.Nf3 b6 4.a3 Be7 5.Nc3 Bb7 6.e3 O-O 7.b4 d6 8.Bb2 Nbd7
9.Bd3 c5 10.O-O d5 11.cxd5 cxb4 12.axb4 Bxb4 13.dxe6 fxe6 14.Qb3 Qe7 15.Bc4 Rfe8
16.Ng5 Nf8 17.f4 Bxc3 18.Bxc3 h6 19.Nxe6 Nxe6 20.f5 Bc8 21.fxe6 Bxe6 22.d5 Bf7
23.Rf3 Rac8 24.Raf1 Qe4 25.Bxf6 gxf6 26.Rg3+ Kh8 27.Rxf6  1-0

[Event "TCh-Central SRB 2012"]
[Site "Vrnjacka Banja SRB"]
[Date "2012.10.01"]
[Round "4.1"]
[White "Arsovic,G"]
[Black "Rajkovic,Du"]
[Result "1/2-1/2"]
[WhiteElo "2435"]
[BlackElo "2409"]

1.d4 Nf6 2.Nf3 e6 3.c4 b6 4.a3 c5 5.d5 exd5 6.cxd5 g6 7.Nc3 Bg7 8.e4 O-O
9.Bd3 d6 10.h3 Ba6 11.O-O Bxd3 12.Qxd3 a6 13.a4 Nbd7 14.Bf4 Ne8 15.Rfe1  1/2-1/2

[Event "3rd Copa Latino-Americana"]
[Site "Cali COL"]
[Date "2012.10.05"]
[Round "2.1"]
[White "Almeida Quintana,O"]
[Black "Leiva,G"]
[Result "1-0"]
[WhiteElo "2520"]
[BlackElo "2321"]

1.d4 Nf6 2.c4 e6 3.Nf3 b6 4.a3 c5 5.e3 Ba6 6.Nbd2 Nc6 7.Bd3 Be7 8.O-O O-O
9.b3 cxd4 10.exd4 d5 11.Bb2 Rc8 12.Re1 Bd6 13.Qe2 dxc4 14.bxc4 Bf4 15.Ne4 Nd7
16.g3 Bb8 17.Neg5 h6 18.d5 Nc5 19.Bh7+ Kh8 20.dxc6 hxg5 21.Rad1 Qe7 22.Nd4 Qf6
23.Nf5 Qxb2 24.Qh5  1-0

[Event "TCh-SWE Elite 2012-13"]
[Site "Malmo SWE"]
[Date "2012.10.06"]
[Round "2"]
[White "Smith,Ax"]
[Black "Krupenski,Y"]
[Result "1/2-1/2"]
[WhiteElo "2484"]
[BlackElo "2251"]

1.d4 Nf6 2.c4 e6 3.Nf3 b6 4.a3 Bb7 5.Nc3 d5 6.cxd5 exd5 7.Qa4+ c6 8.Bg5 Be7
9.e3 O-O 10.Bd3 Nbd7 11.O-O a5 12.Qc2 h6 13.Bf4 Nh5 14.Be5 Nhf6 15.Bg3 Nh5
16.Be5 Nhf6 17.Rad1 Nxe5 18.dxe5 Nd7 19.e4 d4 20.Nxd4 Nxe5 21.Nf5 Bc8 22.Be2 Qe8
23.Nd6 Bxd6 24.Rxd6 Qe7 25.Rfd1 b5 26.h3 Qh4 27.Qd2 b4 28.Qd4 bxc3 29.Qxe5 cxb2
30.Qxb2 Qxe4 31.Bf3 Qe7 32.Bxc6 Ra7 33.Bd5 Bf5 34.Qb6 a4 35.Bc6 Bc2 36.R1d2 Rc7
37.Qb4 Bb3 38.Bxa4 Rc1+ 39.Kh2 Bxa4 40.Qxa4 Qe5+ 41.f4 Qe3 42.Qd4 Qxa3 43.f5 Qc5
44.f6 Qxd4 45.R2xd4 g5 46.h4 Kh7 47.h5 Rf1 48.Rd1  1/2-1/2

[Event "TCh-ISL 2012-13"]
[Site "Reykjavik ISL"]
[Date "2012.10.06"]
[Round "3.1"]
[White "Einarsson,H"]
[Black "Asbjornsson,A"]
[Result "1/2-1/2"]
[WhiteElo "2224"]
[BlackElo "2304"]

1.d4 Nf6 2.c4 e6 3.Nf3 b6 4.a3 Bb7 5.Nc3 d5 6.cxd5 Nxd5 7.e3 Be7 8.Bb5+ c6
9.Bd3 O-O 10.e4 Nxc3 11.bxc3 c5 12.O-O cxd4 13.cxd4 Nc6 14.Be3 Bf6 15.Bb1 g6
16.Ba2 Bg7 17.Re1 Rc8 18.Rb1 Qd6 19.Qa4 Na5 20.Bd2 Bc6 21.Qb4 Rfd8 22.Bg5 Rd7
23.d5 exd5 24.exd5 Ba8 25.Rbc1 Rxc1 26.Rxc1 Bb7 27.Re1 h6 28.Re8+ Kh7 29.Bf4 Qxb4
30.axb4 Bxd5 31.Bxd5 Rxd5 32.bxa5 Rxa5 33.h4 Bf6 34.Be5 Kg7 35.g4 Ra4 36.Bxf6+ Kxf6
37.g5+ hxg5 38.hxg5+ Kf5 39.Re7 f6 40.Rf7 Kg4 41.Rxf6 Rf4 42.Kg2 b5 43.Rxg6 Rxf3
44.Rf6 Rf5 45.Ra6 Rxg5 46.Rxa7 Kf4+ 47.Kf1  1/2-1/2

[Event "TCh-HUN 2012-13"]
[Site "Budapest HUN"]
[Date "2012.10.07"]
[Round "2"]
[White "Bali,J"]
[Black "Lakos,N"]
[Result "1-0"]
[WhiteElo "2260"]
[BlackElo "2290"]

1.d4 Nf6 2.c4 e6 3.Nf3 b6 4.a3 Bb7 5.Nc3 Ne4 6.Nxe4 Bxe4 7.Nd2 Bg6 8.g3 d5
9.Bg2 c6 10.O-O Be7 11.e4 dxe4 12.Nxe4 O-O 13.Nc3 Bf6 14.Be3 Qc8 15.h4 h6
16.Qa4 a6 17.Rfd1 Ra7 18.Rac1 Rd7 19.d5 b5 20.cxb5 axb5 21.Qb3 Bxc3 22.Qxc3 exd5
23.Rxd5 Rxd5 24.Bxd5 Qg4 25.Bg2 Rd8 26.Kh2 Rd3 27.Qe5 Nd7 28.Qe8+ Kh7 29.Bh3 Nf6
30.Bxg4 Nxe8 31.Rxc6 Nf6 32.Be2 Rb3 33.Rxf6 gxf6 34.Bd4 Kg7 35.Bc3 Bc2 36.h5 Kf8
37.Bxf6 Ke8 38.Bc3 Ke7 39.Kg2 f5 40.Kf3 Ke6 41.Ke3 Kd5 42.Kd2 Bb1 43.Bd3  1-0

[Event "3rd Copa Latino-Americana"]
[Site "Cali COL"]
[Date "2012.10.07"]
[Round "7.7"]
[White "Pazos Gambarrotti,P"]
[Black "Fernandez,Li"]
[Result "1-0"]
[WhiteElo "2271"]
[BlackElo "2353"]

1.d4 Nf6 2.Nf3 e6 3.c4 b6 4.a3 c5 5.e3 Bb7 6.Nc3 cxd4 7.exd4 d6 8.d5 e5 9.Bd3 Nbd7
10.O-O Be7 11.Re1 O-O 12.b4 Rc8 13.Bb2 g6 14.Rc1 Nh5 15.Bf1 f5 16.Nd2 a6
17.Nb3 Bg5 18.Rc2 Nhf6 19.Bc1 Bxc1 20.Rxc1 Kg7 21.Qd2 Nh5 22.Na4 Ndf6 23.f3 Rb8
24.Nc3 Bc8 25.Rb1 Nd7 26.Qf2 g5 27.c5 bxc5 28.bxc5 Rxb3 29.Rxb3 Nxc5 30.Rbb1 Qf6
31.Rb4 Nf4 32.Qd2 h5 33.g3 Ng6 34.Na4 f4 35.Nxc5 dxc5 36.Rb3 Qd6 37.Reb1 c4
38.Rc3 Kh6 39.Rxc4 Bd7 40.Rc3 Rf6 41.Rcb3 Qc5+ 42.Qf2 Qxd5 43.Rd3 Qc6 44.Rdb3 Qd5
45.Rd3 Qc6 46.Qa7 Bc8 47.Rb8 e4 48.Rd8 exf3 49.Rdxc8 f2+ 50.Qxf2 fxg3 51.Qxg3 Qd5
52.Qc3 Qf5 53.Bg2 a5 54.Rb2 a4 55.Rc6 Ne5 56.Rxf6+ Qxf6 57.Rb5  1-0

[Event "3rd Copa Latino-Americana"]
[Site "Cali COL"]
[Date "2012.10.07"]
[Round "7.20"]
[White "Saladen,R"]
[Black "Salcedo,Di"]
[Result "1-0"]
[WhiteElo "2212"]
[BlackElo "2014"]

1.d4 Nf6 2.Nf3 e6 3.c4 b6 4.a3 Bb7 5.Nc3 d5 6.e3 Nbd7 7.Bd3 Be7 8.O-O O-O
9.Qe2 c5 10.Rd1 a6 11.e4 dxe4 12.Nxe4 Nxe4 13.Bxe4 Bxe4 14.Qxe4 Nf6 15.Qb7 Qd6
16.Bf4 Qxf4 17.Qxe7 Rfe8 18.Qb7 Reb8 19.Qc6 cxd4 20.Rxd4 Qf5 21.Rad1 h6 22.h3 Qc2
23.R4d2 Qf5 24.Nd4 Qg6 25.Qf3 Qe4 26.Qxe4 Nxe4 27.Re2 Nf6 28.Nc6 Re8 29.b4 Rac8
30.Rd6 g5 31.f3 Nh5 32.Kf2 Ng7 33.g4 Rc7 34.Ne5 f6 35.Nd7 Rec8 36.Nxb6 Rb8
37.c5 Kf7 38.Red2 f5 39.Nc4 Ra8 40.a4 Ne8 41.Rd7+ Rxd7 42.Rxd7+ Kg8 43.c6 Nf6
44.Rb7  1-0

[Event "FSIM October 2012"]
[Site "Budapest HUN"]
[Date "2012.10.09"]
[Round "3.3"]
[White "Szeberenyi,A"]
[Black "Gajek,R"]
[Result "1-0"]
[WhiteElo "2365"]
[BlackElo "2208"]

1.d4 Nf6 2.c4 e6 3.Nf3 b6 4.a3 Ba6 5.Qb3 d5 6.cxd5 Qxd5 7.Qxd5 exd5 8.Nc3 Bd6
9.Bg5 Nbd7 10.e3 Bxf1 11.Kxf1 c6 12.Bxf6 Nxf6 13.g3 O-O 14.Kg2 a5 15.Rac1 Rfc8
16.Rhd1 b5 17.Ne2 b4 18.a4 Ne4 19.Ne5 c5 20.Nd7 cxd4 21.Rxc8+ Rxc8 22.Nxd4 Rd8
23.Nb6 Bc5 24.Nc6 Rd6 25.Ne7+ Kf8 26.Nec8 Bxb6 27.Nxd6 Nxd6 28.Rxd5 Ke7 29.e4 Ke6
30.f4 Nc4 31.Rb5 Bd8 32.b3 Nd6 33.Rd5 g6 34.g4 Bc7 35.Kf3 f6 36.Rc5 Bb6 37.Rc6 Bd8
38.Ra6 Bc7 39.g5 Kd7 40.gxf6 Nf7 41.e5 Nd8 42.Ke4 Ne6 43.Ra8 Bd8 44.Ra7+ Bc7
45.f5 gxf5+ 46.Kxf5 Nd4+ 47.Kg5 Nf3+ 48.Kh6 Nxe5 49.Kg7 Kc6 50.Ra6+ Kd5 51.f7 Nxf7
52.Kxf7 Bxh2 53.Rxa5+ Kd4 54.Rh5 Bg3 55.Rxh7 Kc3 56.Rh3 Kxb3 57.a5 Ka4 58.Rxg3 Kxa5
59.Ke6 Ka4 60.Kd5 b3 61.Kc4 b2 62.Rb3  1-0

[Event "TCh-Belgrade Premier 2012"]
[Site "Belgrade SRB"]
[Date "2012.10.11"]
[Round "10.3"]
[White "Nenezic,M"]
[Black "Petrovic,Zo1"]
[Result "1-0"]
[WhiteElo "2345"]
[BlackElo "2226"]

1.Nf3 Nf6 2.c4 e6 3.d4 b6 4.a3 Bb7 5.Nc3 Be7 6.d5 d6 7.g3 e5 8.Bg2 O-O 9.O-O a5
10.Rb1 Bc8 11.Qc2 Nh5 12.Nxe5 dxe5 13.d6 c6 14.dxe7 Qxe7 15.Be3 Ra6 16.Na4 Qc7
17.Rfd1 Nf6 18.h3 Be6 19.b3 c5 20.Bg5 Nc6 21.e3 Ne7 22.Bxf6 gxf6 23.Qd2 Nc8
24.Nc3 f5 25.Kh2 Kg7 26.Qb2 f6 27.Rd2 Qe7 28.Rbd1 Ra7 29.Nd5 Qf7 30.e4 fxe4
31.Bxe4 Rd7 32.f4 Bxd5 33.Bxd5 Qe7 34.Re1 Re8 35.fxe5 fxe5 36.Rde2 Qf6 37.Rf2 Qd6
38.Rf5 Rde7 39.Qd2 Kh8 40.Qf2 Rg7 41.Rexe5 Ne7 42.Rf8+ Rg8 43.Rxe8 Rxe8 44.Re6 Qd8
45.Qf6+ Kg8 46.Rxe7+  1-0

[Event "FSIM October 2012"]
[Site "Budapest HUN"]
[Date "2012.10.12"]
[Round "6.3"]
[White "Szeberenyi,A"]
[Black "Lengyel,B"]
[Result "0-1"]
[WhiteElo "2365"]
[BlackElo "2252"]

1.d4 Nf6 2.c4 e6 3.Nf3 b6 4.a3 Bb7 5.Nc3 d5 6.Bg5 Be7 7.Bxf6 Bxf6 8.cxd5 exd5
9.Qb3 O-O 10.Rd1 Re8 11.g3 c5 12.Bg2 c4 13.Qc2 Nc6 14.O-O g6 15.e3 Rc8 16.h4 h5
17.Ne1 Ne7 18.Bf3 Qd7 19.Ng2 Red8 20.Nf4 Bc6 21.Bg2 Qe8 22.Rfe1 Qf8 23.Qe2 Rb8
24.Qf1 Bg7 25.Bf3 Rd6 26.Qg2 Qd8 27.Kh2 b5 28.Rd2 a5 29.e4 dxe4 30.Bxe4 b4
31.axb4 axb4 32.Nce2 Bxe4 33.Qxe4 Nc6 34.Red1 Ne5 35.Kg2 Ng4 36.Rc1 Nf6 37.Qf3 Rc8
38.Rdc2 Rdc6 39.d5 Rc5 40.Nd3 cxd3 41.Rxc5 Rxc5 42.Rxc5 dxe2 43.Qxe2 Qd6
44.Qc4 Bf8 45.Rb5 Qe5 46.b3 Ng4 47.Qd3 Nh6 48.Qe3 Qd6 49.Qe8 Nf5 50.Kg1 Kg7
51.Rb8 Qe7 52.Qxe7 Bxe7 53.Rb6 Bd6 54.Kg2 Kf6 55.f4 Ke7 56.Rb7+ Ke8 57.Rb6 Kd8
58.Kf3 Kc7 59.Rc6+ Kd7 60.Rb6 Nd4+ 61.Ke4 Nxb3 62.Rb7+ Ke8 63.Rb6 f5+ 64.Kd3 Nc5+
65.Kc4 Ne4 66.Ra6 Ke7 67.Ra7+ Kf8 68.Ra8+ Kg7 69.Ra7+ Kh6 70.Ra6 Bc5 71.Ra2 Kg7
72.Rb2 Kf7 73.Ra2 Bf2 74.Kxb4 Bxg3 75.Ra7+ Kf8 76.Ra8+ Ke7 77.Ra7+ Ke8 78.Ra6 Bxh4
79.Rxg6 Be7+ 80.Kc4 h4 81.Kd4 Kf7 82.Rh6 Bf6+ 83.Ke3 Kg7  0-1

[Event "Trans-Europa-Schach-Express 2012"]
[Site "Potsdam GER"]
[Date "2012.10.13"]
[Round "4.4"]
[White "Shelk,A"]
[Black "Okkes,M"]
[Result "1-0"]
[WhiteElo "2348"]
[BlackElo "2368"]

1.d4 Nf6 2.c4 e6 3.Nf3 b6 4.a3 c5 5.d5 Ba6 6.b3 exd5 7.cxd5 g6 8.Bb2 Bg7
9.e3 Bxf1 10.Kxf1 O-O 11.Nc3 d6 12.g3 a6 13.a4 Nbd7 14.h3 Qc7 15.Qd3 Qb7
16.Kg2 Rab8 17.e4 b5 18.axb5 axb5 19.Rhb1 Rfe8 20.Nd2 b4 21.Nd1 Ra8 22.Ne3 Rxa1
23.Bxa1 Nb6 24.Qb5 Rb8 25.Bxf6 Bxf6 26.Nec4 Qc7 27.Nxb6 Rxb6 28.Qd3 Rb8 29.Nc4 Ra8
30.Re1 Bd4 31.Re2 Ra1 32.e5 dxe5 33.Qf3 Ra7 34.d6 Qd8 35.Qd5 Rd7 36.Ra2 Qf6
37.f3 Kg7 38.h4 Qf5 39.Qe4 Qxe4 40.fxe4 f5 41.Kf3 Kf6 42.Ra8 h6 43.h5 gxh5
44.Rf8+ Ke6 45.exf5+ Kd5 46.Nb6+ Kxd6 47.Rf6+ Kc7 48.Nxd7 Kxd7 49.Rxh6 c4
50.bxc4 b3 51.Rxh5 Kd6 52.Ke4 Kc5 53.f6 Kxc4 54.f7 Bc5 55.Kxe5 b2 56.Rh1 Kd3
57.g4 Kc2 58.Rh2+ Kc3 59.Rxb2 Kxb2 60.g5  1-0

[Event "13th Liberec Open 2012"]
[Site "Liberec CZE"]
[Date "2012.10.21"]
[Round "2"]
[White "Klecker,T"]
[Black "Byhan,G"]
[Result "1-0"]
[WhiteElo "2187"]
[BlackElo "1996"]

1.d4 Nf6 2.c4 e6 3.Nf3 b6 4.a3 Bb7 5.Nc3 Be7 6.Bf4 Nh5 7.Bd2 Nf6 8.Bf4 Nh5
9.Bc1 Nf6 10.d5 O-O 11.e4 d6 12.Be2 c5 13.O-O e5 14.Ne1 Ne8 15.g3 Bc8 16.f4 Bh3
17.Rf2 exf4 18.gxf4 Bh4 19.Rf3 Bg4 20.Rd3 Bxe2 21.Qxe2 Bxe1 22.Qxe1 f6 23.e5 fxe5
24.fxe5 dxe5 25.Qxe5 Nd7 26.Qg3 Qf6 27.Bg5 Qf5 28.Re3 Nef6 29.Rf3 Qg6 30.Bxf6 Qxg3+
31.hxg3 Rxf6 32.Rxf6 gxf6 33.Re1 Ne5 34.Re4 Kf7 35.Kg2 Re8 36.Nb5 Re7 37.Nd6+ Kg6
38.g4 Rd7 39.Nb5 a6 40.Nc3 Kg5 41.Kg3 h5 42.gxh5 Rh7 43.Na4 Rxh5 44.Nxb6 Kf5
45.Rf4+ Kg5 46.b4 cxb4 47.axb4 Rh3+ 48.Kxh3 Kxf4 49.c5 Nf7 50.Nc4 Ng5+ 51.Kg2 Ke4
52.c6  1-0

[Event "TCh-SUI National A 2012"]
[Site "Switzerland SUI"]
[Date "2012.10.21"]
[Round "9.6"]
[White "Gruenenwald,J"]
[Black "Gloor,R"]
[Result "1/2-1/2"]
[WhiteElo "2319"]
[BlackElo "2249"]

1.d4 Nf6 2.c4 e6 3.Nf3 b6 4.a3 Bb7 5.Nc3 d5 6.Bg5 Be7 7.Qa4+ Bc6 8.Qb3 dxc4
9.Qxc4 O-O 10.e3 Bb7 11.Be2 a6 12.O-O b5 13.Qa2 Nbd7 14.Rfd1 Nd5 15.Bxe7 Qxe7
16.Rac1 c5 17.dxc5 Nxc5 18.b4 Nxc3 19.Rxc3 Ne4 20.Rc2 Rac8 21.Rdc1 Rxc2 22.Qxc2 Qf6
23.Bd3 Nd6 24.Bxh7+ Kh8 25.Bd3 Rc8 26.Qd1 Rxc1 27.Qxc1 Bxf3 28.gxf3 Qxf3
29.Qc2 Qg4+ 30.Kf1 f5 31.Qe2 Qh3+ 32.Kg1 e5 33.Qf1 Qg4+ 34.Qg2 Qxg2+ 35.Kxg2 e4
36.Be2 g5 37.Kf1 Kg7 38.Ke1 Kf6 39.Kd2 Ne8 40.Kc3 Ke5 41.a4 Nc7 42.axb5 axb5
43.Kb3 f4 44.exf4+ Kxf4 45.Kc3 e3 46.fxe3+ Kxe3 47.Bg4 Nd5+  1/2-1/2

[Event "16th Unive Open"]
[Site "Hoogeveen NED"]
[Date "2012.10.24"]
[Round "6"]
[White "Brynell,S"]
[Black "Johansson,Linus"]
[Result "1-0"]
[WhiteElo "2500"]
[BlackElo "2287"]

1.d4 Nf6 2.c4 e6 3.Nf3 b6 4.a3 Bb7 5.Nc3 d5 6.cxd5 Nxd5 7.e3 Be7 8.Bb5+ c6
9.Bd3 O-O 10.Qc2 Nxc3 11.bxc3 Kh8 12.O-O c5 13.Qe2 Nc6 14.Bb2 Rc8 15.e4 Na5
16.Rad1 Qc7 17.Bc1 Nb3 18.Be3 c4 19.Bb1 Bxa3 20.Ng5 Be7 21.f4 h6 22.Qh5 Kg8
23.e5 Qc6 24.Bh7+ Kh8 25.Be4 Qxe4 26.Nxe4 Bxe4 27.g4 f5 28.exf6 Rxf6 29.f5 exf5
30.Bg5 Re6 31.gxf5 Bxg5 32.fxe6 Be3+ 33.Rf2 Rf8 34.Qf7 Bxf2+ 35.Kxf2  1-0

[Event "Chigorin Mem Rapid"]
[Site "St Petersburg RUS"]
[Date "2012.10.25"]
[Round "1.5"]
[White "Lysyj,I"]
[Black "Biriukov,O"]
[Result "1-0"]
[WhiteElo "2628"]
[BlackElo "2327"]

1.d4 Nf6 2.c4 e6 3.Nf3 b6 4.a3 Bb7 5.Nc3 d5 6.Bf4 dxc4 7.e3 Nd5 8.Bxc4 Nxf4
9.exf4 Bd6 10.g3 O-O 11.O-O Nd7 12.Qe2 Nf6 13.Rad1 Qe7 14.Rfe1 Rfe8 15.Bb5 c6
16.Ba4 Rad8 17.Bc2 c5 18.Ba4 Rf8 19.d5 a6 20.dxe6 b5 21.Bc2 Qxe6 22.Qxe6 fxe6
23.Ng5 Rfe8 24.Nxe6 Rd7 25.Bf5 Bf8 26.Rxd7 Nxd7 27.Bxh7+  1-0

[Event "TCh-CZE Div1 Zapad 2012-13"]
[Site "Czech Republic CZE"]
[Date "2012.10.28"]
[Round "1.4"]
[White "Studnicka,Toma"]
[Black "Seleljo,D"]
[Result "1-0"]
[WhiteElo "2388"]
[BlackElo "2252"]

1.d4 Nf6 2.c4 e6 3.Nf3 b6 4.a3 Ba6 5.e3 c6 6.Nc3 d5 7.Ne5 Bd6 8.f4 Nfd7 9.b3 O-O
10.Be2 f5 11.O-O Bb7 12.Bb2 Nf6 13.b4 Nbd7 14.Qa4 Bxe5 15.dxe5 Ng4 16.Bxg4 fxg4
17.cxd5 exd5 18.Rad1 Qe7 19.e4 Nxe5 20.fxe5 Rxf1+ 21.Rxf1 d4 22.Ne2 d3 23.Qb3+ Kh8
24.Qxd3  1-0